Περιβαλλοντική διαχείριση λιμένων : η προοπτική της εφαρμογής συστημάτων περιβαλλοντικής διαχείρισης σε ελληνικά λιμάνια : μεταπτυχιακή διατριβή

Αποθηκεύτηκε σε:
Λεπτομέρειες βιβλιογραφικής εγγραφής
Κύριος συγγραφέας: Τζερεφού, Κωνσταντίνα - Ειρήνη Π.
Συγγραφή απο Οργανισμό/Αρχή: Πανεπιστήμιο Αιγαίου Σχολή Περιβάλλοντος Τμήμα Περιβάλλοντος Πρόγραμμα Μεταπτυχιακών Σπουδών Περιβαλλοντική Πολιτική και Διαχείριση
Άλλοι συγγραφείς: Σκούρτος, Μιχάλης Σ. (Εισηγητής διατριβής)
Μορφή: Thesis Βιβλίο
Γλώσσα:Greek
Δημοσίευση: Μυτιλήνη : Πανεπιστήμιο Αιγαίου, Σχολή Περιβάλλοντος, Τμήμα Περιβάλλοντος, 2006
Θέματα:
Ετικέτες: Προσθήκη ετικέτας
Δεν υπάρχουν, Καταχωρήστε ετικέτα πρώτοι!

MARC

LEADER 00000cam a2200000 i 4500
001 1/43748
008 070504s2006 gre d
035 |l 10087683 
040 |a GR-MY-UA  |b gre  |e aacr 
041 0 |a gre 
082 0 |a 387.1  |2 (22) 
100 1 |a Τζερεφού, Κωνσταντίνα - Ειρήνη Π. 
245 1 0 |a Περιβαλλοντική διαχείριση λιμένων :  |b η προοπτική της εφαρμογής συστημάτων περιβαλλοντικής διαχείρισης σε ελληνικά λιμάνια : μεταπτυχιακή διατριβή /  |c Κωνσταντίνα - Ειρήνη Π. Τζερεφού ; επιβλέπων καθηγητής Μιχάλης Σκούρτος 
260 |a Μυτιλήνη :   |b Πανεπιστήμιο Αιγαίου, Σχολή Περιβάλλοντος, Τμήμα Περιβάλλοντος,   |c 2006 
300 |a 112 σ.;  |b διαγρ.;  |c 30 εκ. 
502 # # |a Διατριβή (μεταπτυχιακή) – Πανεπιστήμιο Αιγαίου, Λέσβος, 2006. 
504 |a Βιβλιογραφία: σ. 100-104 
650 0 0 |a Harbors  |x Environmental aspects. 
650 0 0 |a Transportation  |x Environmental aspects  |x Case studies. 
650 0 0 |a Harbors  |x Management. 
650 0 0 |a Harbors  |z Greece. 
650 0 0 |a Dissertations, Academic  |z Greece. 
700 1 |a Σκούρτος, Μιχάλης Σ.  |4 ths 
710 2 |a Πανεπιστήμιο Αιγαίου  |b Σχολή Περιβάλλοντος  |b Τμήμα Περιβάλλοντος  |b Πρόγραμμα Μεταπτυχιακών Σπουδών Περιβαλλοντική Πολιτική και Διαχείριση. 
852 |a INST  |b LESVOS  |c DIATR  |e 20070504  |h 315  |p 005100037082  |q 005100037082  |t MTXE  |y 23 
852 |a INST  |b LESVOS  |c DIATR  |e 20070504  |h 316  |p 005100037081  |q 005100037081  |t MTXE  |y 23 
901 |a BIBL1-2007-2 
909 |a Λ  |b 132464 
909 |a Λ  |b 132465 
924 |a ΤΖΕΡΕΦΟΥ  |b ΚΩΝΣΤΑΝΤΙΝΑ-ΕΙΡΗΝΗ  |y ΛΕΣΒΟΣ  |z 2007-05 
970 |a ΒΑΡΚΑ  |b ΕΛΕΥΘΕΡΙΑ  |z 2007/05/04